000 00359nam a22001457a 4500
020 _a81-87659-38-6
082 _a591
_bCHO/Z
100 _aCHOICE INTERNATIONAL
245 _aZOOLOGY BASIC FACTS AND DEFINITIONS
250 _aFIRST EDITION
260 _aDELHI
_bCHOICE INTERNATIONAL
_c2001
300 _a444
650 _aZOOLOGY MINI BOOK
_zINDIA
942 _cBK
999 _c1709
_d1709